مكتبة جامعة عجلون الوطنية

فهرس بحث المكتبة

معوقات تطبيق معيار الإبلاغ المالي الدولي الخاص بالمنشآت الصغيرة والمتوسطة الحجم في الأردن من وجهة نظر محققي الحسابات القانونيين الأردنيين = Obstacles of Implementing International Financal Reporting Standard for Small and Medium - Sized Entities in Jordan From the Point View of Jordanian CPAs / (Record no. 33022)

MARC details
000 -LEADER
fixed length control field 01595nam a2200265Ii 4500
003 - CONTROL NUMBER IDENTIFIER
control field JO-AjNU
005 - DATE AND TIME OF LATEST TRANSACTION
control field 20240623114213.0
008 - FIXED-LENGTH DATA ELEMENTS--GENERAL INFORMATION
fixed length control field 230605s9999||||xx |||||||||||||| ||und||
040 ## - CATALOGING SOURCE
Original cataloging agency JO-AjNU
Language of cataloging ara
Description conventions rda
Transcribing agency JO-AjNU
041 ## - LANGUAGE CODE
Language code of text/sound track or separate title ara
050 ## - LIBRARY OF CONGRESS CALL NUMBER
Classification number HF5626.
Item number Q3368 2012
100 #1 - MAIN ENTRY--PERSONAL NAME
Personal name القضاة، مصطفى محمود عبدالله
9 (RLIN) 64837
Relator term معد
245 #0 - TITLE STATEMENT
Title معوقات تطبيق معيار الإبلاغ المالي الدولي الخاص بالمنشآت الصغيرة والمتوسطة الحجم في الأردن من وجهة نظر محققي الحسابات القانونيين الأردنيين = Obstacles of Implementing International Financal Reporting Standard for Small and Medium - Sized Entities in Jordan From the Point View of Jordanian CPAs /
Statement of responsibility, etc. إعداد مصطفى محمود عبد الله القضاة ؛ إشراف محمود حسن قاقيش.
260 ## - PUBLICATION, DISTRIBUTION, ETC.
Date of publication, distribution, etc. 2012
300 ## - PHYSICAL DESCRIPTION
Extent 113 ورقة
336 ## - CONTENT TYPE
Content type term text
Content type code txt
Source rdacontent
337 ## - MEDIA TYPE
Media type term unmediated
Media type code n
Source rdamedia
338 ## - CARRIER TYPE
Carrier type term volume
Carrier type code nc
Source rdacarrier
500 ## - GENERAL NOTE
General note رسالة جامعية (ماجستير).- جامعة اليرموك (إربد، الأردن)، كلية الإقتصاد والعلوم الإدارية ؛ قسم المحاسبة، 2012
501 ## - WITH NOTE
With note تحتوي على ملاحق
504 ## - BIBLIOGRAPHY, ETC. NOTE
Bibliography, etc. note تحتوي على مراجع باللغتين العربية والانجليزية
650 40 - SUBJECT ADDED ENTRY--TOPICAL TERM
Topical term or geographic name entry element المعيار المحاسبي الدولي-مراجعة الحسابات-الاردن.
9 (RLIN) 64839
700 #1 - ADDED ENTRY--PERSONAL NAME
Personal name قاقيش، محمود حسن
9 (RLIN) 64645
Relator term مشرف
942 ## - ADDED ENTRY ELEMENTS (KOHA)
Source of classification or shelving scheme Library of Congress Classification
Koha item type Thesis
Holdings
Withdrawn status Lost status Source of classification or shelving scheme Damaged status Not for loan Home library Current library Shelving location Date acquired Total Checkouts Full call number Barcode Date last seen Price effective from Koha item type
    Library of Congress Classification     مكتبة جامعة عجلون الوطنية مكتبة جامعة عجلون الوطنية المجموعات العامة 06/06/2023   HF5626.Q3368 2012 A29454 06/06/2023 06/06/2023 Thesis